000 00876nam a2200217Ii 4500
003 JO-AjNU
008 230605s9999||||xx |||||||||||||| ||und||
017 _a2012/4/1520
040 _aJO-AjNU
_bara
_erda
_cJO-AjNU
041 _aara
050 1 4 _aHC468.N32 2012
100 3 _aمصطفى، محمد سمير... وآخرون؛ مراجعة وتقديم منذر الشرع,
_eauthor
_946226
245 0 0 _aندوة الجذور الاقتصادية والاجتماعية للتحولات الراهنة في البلاد العربية
250 _aط1
264 3 1 _aعمان: مؤسسة عبد الحميد شومان، 2012
300 _a119ص
336 _atext
_btxt
_2rdacontent
337 _aunmediated
_bn
_2rdamedia
338 _avolume
_bnc
_2rdacarrier
650 4 _aالبلاد العربية- احوال اقتصادية - احوال احتماعية
_946227
999 _aA20094
_c23662
_d23662